| 000 | 00447nam a22001697a 4500 | ||
|---|---|---|---|
| 005 | 20250414162122.0 | ||
| 008 | 250411b |||||||| |||| 00| 0 eng d | ||
| 020 | _a978-93-91383-91-6 | ||
| 041 | _aeng | ||
| 082 | _a661.2 KUR-D | ||
| 100 |
_aKUMAR, SANJEEV _98618 |
||
| 245 | _aDISEASES OF FIELD & HORTICULTURAL CROPS AND THEIR MANAGEMENT -II | ||
| 260 |
_aNEW DELHI _bNIPA PVT.LTD |
||
| 300 | _a214;P | ||
| 650 | _aAGRICULTURE | ||
| 942 | _cBK | ||
| 999 |
_c8754 _d8752 |
||